College Chemistry: with qualitative analysis (Record no. 9722)

MARC details
000 -LEADER
fixed length control field 00569nam a2200205 4500
003 - CONTROL NUMBER IDENTIFIER
control field PK-NaQUE
005 - DATE AND TIME OF LATEST TRANSACTION
control field 20260601120317.0
008 - FIXED-LENGTH DATA ELEMENTS--GENERAL INFORMATION
fixed length control field 260601b |||||||| |||| 00| 0 eng d
020 ## - INTERNATIONAL STANDARD BOOK NUMBER
International Standard Book Number 9780669128628
020 ## - INTERNATIONAL STANDARD BOOK NUMBER
International Standard Book Number 978-0669128628
040 ## - CATALOGING SOURCE
Transcribing agency QUEST
082 ## - DEWEY DECIMAL CLASSIFICATION NUMBER
Classification number ROB
100 ## - MAIN ENTRY--PERSONAL NAME
Personal name Holtzclaw, WIlliam R.
9 (RLIN) 197
245 ## - TITLE STATEMENT
Title College Chemistry: with qualitative analysis
260 ## - PUBLICATION, DISTRIBUTION, ETC. (IMPRINT)
Place of publication, distribution, etc Toronto:
Date of publication, distribution, etc 1988.
650 ## - SUBJECT ADDED ENTRY--TOPICAL TERM
Topical term or geographic name as entry element Chemistry
9 (RLIN) 198
700 ## - ADDED ENTRY--PERSONAL NAME
Personal name Robinson, Henry F.
9 (RLIN) 199
856 ## - ELECTRONIC LOCATION AND ACCESS
Uniform Resource Identifier <a href="http://10.10.170.122:8080/browse/book/29763">http://10.10.170.122:8080/browse/book/29763</a>
Link text Download eBook
942 ## - ADDED ENTRY ELEMENTS (KOHA)
Koha item type Books
Source of classification or shelving scheme Dewey Decimal Classification
Holdings
Withdrawn status Lost status Source of classification or shelving scheme Damaged status Not for loan Home library Current library Date acquired Total Checkouts Full call number Barcode Date last seen Price effective from Koha item type
    Dewey Decimal Classification     Central Library, QUEST, Nawabshah Central Library, QUEST, Nawabshah 10/09/2014   540ROB 17368 10/09/2014 10/09/2014 Books
    Dewey Decimal Classification     Central Library, QUEST, Nawabshah Central Library, QUEST, Nawabshah 10/09/2014   540ROB 17369 10/09/2014 10/09/2014 Books